[Event "Mondiale Semilampo 2016"]
[Site "Doha QAT"]
[Date "2016.12.27"]
[Round "9.22"]
[White "Quparadze, Giga"]
[Black "Karjakin, Sergey"]
[Result "1/2-1/2"]
[WhiteTitle "IM"]
[BlackTitle "GM"]
[WhiteElo "2481"]
[BlackElo "2785"]
[WhiteFideId "13602250"]
[BlackFideId "14109603"]
[EventDate "2016.12.26"]

1. e4 c5 2. Nf3 d6 3. d4 cxd4 4. Nxd4 Nf6 5. Nc3 a6 6. h3 Nc6 7. g4 Qb6 8. Nb3
e6 9. g5 Nd7 10. h4 Qc7 11. h5 b5 12. Be3 Bb7 13. Qe2 b4 14. Nd5 exd5 15. exd5
Ne7 16. O-O-O O-O-O 17. Rh4 Nxd5 18. Rxd5 Bxd5 19. Rxb4 Bb7 20. Qxa6 d5 21. Rxb7
Qxb7 22. Qa5 Bb4 23. Qa4 Kc7 24. Nd4 Ra8 25. Nb5+ Kd8 26. Qxb4 Rxa2 27. Kb1 Ra6
28. Qc3 Re8 29. Nd4 Rb6 30. Nf5 d4 31. Qxd4 Re4 32. Nd6 Rxd4 33. Nxb7+ Rxb7 34.
Bxd4 g6 35. hxg6 hxg6 36. Bc4 Ke7 37. c3 f6 38. f4 Rb8 39. b4 Rh8 40. gxf6+ Nxf6
41. Bd3 Rh4 42. Bxg6 Rxf4 43. Kc2 Ne4 44. b5 Nd6 45. Bd3 Kd7 46. Kb3 Kc7 47. Be2
Re4 48. b6+ Kd7 49. Bf3 Rf4 50. Bg2 Rf5 51. c4 Rf4 52. Be5 Rf5 53. Bh3 Kc6 54.
Bxf5 Nxf5 55. c5 Kb7 56. Kc4 Ne7 57. Bd6 Nc6 58. Kd5 Na5 59. Be5 Nc6 60. Bc3 Nb8
61. Kd6 Nc6 1/2-1/2

[Event "Mondiale Semilampo 2016"]
[Site "Doha QAT"]
[Date "2016.12.27"]
[Round "9.23"]
[White "Zhigalko, Sergei"]
[Black "Anton Guijarro, David"]
[Result "1-0"]
[WhiteTitle "GM"]
[BlackTitle "GM"]
[WhiteElo "2671"]
[BlackElo "2650"]
[WhiteFideId "13502956"]
[BlackFideId "2285525"]
[EventDate "2016.12.26"]

1. e4 e5 2. Nf3 Nc6 3. Bb5 a6 4. Ba4 Nf6 5. O-O Be7 6. Re1 b5 7. Bb3 d6 8. c3
O-O 9. h3 Na5 10. Bc2 c5 11. d4 Nd7 12. d5 Nb6 13. b3 Bd7 14. Be3 Qc8 15. Qd2
Nb7 16. Na3 f5 17. exf5 Bxf5 18. Nh2 Bf6 19. Rad1 Qd7 20. Nf1 Bh4 21. c4 e4 22.
Bf4 b4 23. Nb1 a5 24. Bxe4 a4 25. Ng3 Bxe4 26. Rxe4 axb3 27. axb3 Bf6 28. Re6
Ra1 29. Ne4 Bd4 30. Be3 Bxe3 31. Qxe3 Nc8 32. Ng3 Qf7 33. Re1 Qf4 34. Nd2 Qxe3
35. Rxe3 Ra2 36. Nf3 Na5 37. R1e2 Rxe2 38. Nxe2 h6 39. Nd2 Rf7 40. Re8+ Rf8 41.
Rxf8+ Kxf8 42. g4 Kf7 43. f4 Nb6 44. Kf2 Nd7 45. Ng3 Nf6 46. Nf5 Ne8 47. Ke3 Kf8
48. Kd3 Kf7 49. Kc2 Nb7 50. Ne4 Kf8 51. h4 Kf7 52. h5 Kf8 53. g5 hxg5 54. fxg5
Kf7 55. g6+ Kf8 56. Ng5 Kg8 57. Ne6 Kh8 58. Ne7 Nf6 59. Ng5 Nd8 60. Nf7+ Nxf7
61. gxf7 Nd7 62. Ng6+ Kh7 63. f8=Q Nxf8 64. Nxf8+ Kh6 65. Ne6 1-0

[Event "Mondiale Semilampo 2016"]
[Site "Doha QAT"]
[Date "2016.12.27"]
[Round "9.25"]
[White "Dreev, Aleksey"]
[Black "Jumabayev, Rinat"]
[Result "1/2-1/2"]
[WhiteTitle "GM"]
[BlackTitle "GM"]
[WhiteElo "2652"]
[BlackElo "2611"]
[WhiteFideId "4100107"]
[BlackFideId "13702661"]
[EventDate "2016.12.26"]

1. d4 Nf6 2. Nf3 g6 3. g3 Bg7 4. Bg2 d5 5. c4 c6 6. Qb3 O-O 7. O-O Qb6 8. Nc3
Rd8 9. Rd1 dxc4 10. Qxc4 Be6 11. Qa4 Na6 12. e4 Bg4 13. h3 Be6 14. Ng5 Bd7 15.
Qc2 h6 16. Nf3 Nb4 17. Qe2 Qa6 18. Qxa6 Nxa6 19. Bf4 Ne8 20. Ne5 Be6 21. d5 cxd5
22. exd5 Bd7 23. Nxd7 Rxd7 24. Rac1 g5 25. Be3 Nd6 26. Na4 Nf5 27. Bd2 Rad8 28.
Re1 b6 29. Bc3 Nc7 30. Bxg7 Kxg7 31. Nc3 Nd6 32. Bf3 Nce8 33. Ne2 Nb5 34. a4
Nbc7 35. Nd4 Nxd5 36. Nf5+ Kf8 37. Nxh6 Nef6 38. Nf5 Nb4 39. Be2 Rd2 40. b3 Nc2
41. Red1 e6 42. Nh6 R8d7 43. Kf1 Rxd1+ 44. Rxd1 Nd4 45. Ng4 Nxe2 46. Kxe2 Rxd1
47. Kxd1 Ne4 48. h4 f5 49. Ne5 Nxf2+ 50. Ke2 Ne4 51. hxg5 Nxg3+ 52. Ke3 Ne4 53.
Nc6 a5 54. g6 Nc5 55. Kd4 Nxb3+ 56. Ke5 Kg7 57. Kxe6 f4 58. Ne5 Nd4+ 59. Kd5 f3
60. Nxf3 Nxf3 61. Kc6 Nd4+ 62. Kxb6 Nb3 63. Kb5 Kxg6 64. Kc4 1/2-1/2

[Event "Mondiale Semilampo 2016"]
[Site "Doha QAT"]
[Date "2016.12.27"]
[Round "9.26"]
[White "Salem, A.R. Saleh"]
[Black "Bindrich, Falko"]
[Result "1-0"]
[WhiteTitle "GM"]
[BlackTitle "GM"]
[WhiteElo "2656"]
[BlackElo "2590"]
[WhiteFideId "9301348"]
[BlackFideId "4676670"]
[EventDate "2016.12.26"]

1. d4 Nf6 2. c4 e6 3. Nc3 Bb4 4. e3 d5 5. Nf3 c5 6. Bd3 dxc4 7. Bxc4 O-O 8. O-O
Nc6 9. Bd3 cxd4 10. exd4 b6 11. a3 Bxc3 12. bxc3 Bb7 13. c4 Ne7 14. Bb2 Ng6 15.
Re1 Rc8 16. h3 Qd6 17. a4 Rfd8 18. a5 Qf4 19. Re3 Nh4 20. Nxh4 Qxh4 21. axb6
axb6 22. Ra7 Bc6 23. Rg3 Ra8 24. Rxa8 Bxa8 25. Qb3 Rb8 26. d5 exd5 27. cxd5 Kh8
28. d6 Rf8 29. d7 Nh5 30. Rg4 Qe7 31. Qc3 f5 32. Bxf5 Rd8 33. Qe5 Qf8 34. Be6 1-0

[Event "Mondiale Semilampo 2016"]
[Site "Doha QAT"]
[Date "2016.12.27"]
[Round "9.27"]
[White "Leko, Peter"]
[Black "Khusnutdinov, Rustam"]
[Result "1/2-1/2"]
[WhiteTitle "GM"]
[BlackTitle "GM"]
[WhiteElo "2693"]
[BlackElo "2458"]
[WhiteFideId "703303"]
[BlackFideId "13701703"]
[EventDate "2016.12.26"]

1. e4 e6 2. d4 d5 3. Nc3 Nf6 4. e5 Nfd7 5. f4 c5 6. Nf3 Nc6 7. Be3 cxd4 8. Nxd4
Bc5 9. Qd2 O-O 10. O-O-O a6 11. Qf2 Bxd4 12. Bxd4 b5 13. Be3 Qa5 14. Kb1 b4 15.
Ne2 Qc7 16. Nd4 Nxd4 17. Bxd4 a5 18. Bb5 Ba6 19. Bxd7 Qxd7 20. b3 Rfc8 21. Rd2
a4 22. Rhd1 axb3 23. cxb3 Rc6 24. g4 Rac8 25. f5 Qc7 26. Bb2 Rc3 27. Qd4 Rc2 28.
Re1 Qc6 29. Qxb4 Bd3 30. Ka1 exf5 31. Rxc2 Bxc2 32. e6 fxe6 33. Qe7 Rc7 34. Qd8+
Kf7 35. gxf5 Bxf5 36. Rc1 Qxc1+ 37. Bxc1 Rxc1+ 38. Kb2 Rc2+ 39. Ka3 Rg2 40. b4
Bd3 41. Qc7+ Kg6 42. Qe5 Bc4 43. Qxe6+ Kg5 44. Qe5+ Kh4 45. b5 Rxa2+ 46. Kb4
Bxb5 47. Qf4+ Kh5 48. Kxb5 h6 49. Qf3+ Kg6 50. Kc5 Ra7 51. Qd3+ Kf6 52. Kd6 Rf7
53. Qg3 g5 54. Kxd5 Kg6 55. Qd3+ Kg7 56. Ke6 Rf4 57. Ke5 Rf6 58. Qd7+ Rf7 59.
Qd8 Rf4 60. Qd7+ Kg6 61. Qe8+ Kg7 62. Kd5 Rh4 63. Qe5+ Kg6 64. Ke6 Rf4 65. Qh8
Re4+ 66. Kd5 Rf4 67. Ke5 Rf5+ 68. Ke6 Rf4 69. Qg8+ Kh5 70. Ke5 Rf2 71. h3 Kh4
72. Qc8 h5 73. Qc3 g4 74. hxg4 hxg4 75. Ke4 g3 76. Qh8+ Kg4 77. Qc8+ Kh4 78. Ke3
Rh2 79. Qc4+ Kh3 80. Qf1+ Kh4 81. Qf4+ Kh3 82. Qh6+ Kg4 83. Qe6+ Kh4 84. Qf6+
Kg4 85. Qf3+ Kh4 86. Qd1 Rf2 87. Qd8+ Kg4 88. Qd5 Rh2 89. Qc4+ Kh3 90. Qf1+ Kg4
91. Qd1+ Kh4 92. Ke4 Rf2 93. Ke3 Rh2 94. Qa4+ Kh3 95. Qd7+ Kh4 96. Qg7 Rf2 97.
Qg6 Rh2 98. Qf6+ Kg4 99. Qg6+ Kh4 100. Ke4 1/2-1/2

[Event "Mondiale Semilampo 2016"]
[Site "Doha QAT"]
[Date "2016.12.27"]
[Round "9.28"]
[White "Borisek, Jure"]
[Black "Amin, Bassem"]
[Result "1-0"]
[WhiteTitle "GM"]
[BlackTitle "GM"]
[WhiteElo "2561"]
[BlackElo "2662"]
[WhiteFideId "14603152"]
[BlackFideId "10601457"]
[EventDate "2016.12.26"]

1. e4 e5 2. Nf3 Nc6 3. Bb5 a6 4. Ba4 Nf6 5. O-O Be7 6. Re1 b5 7. Bb3 d6 8. c3
O-O 9. h3 Nb8 10. d4 Nbd7 11. Nbd2 Bb7 12. Bc2 Re8 13. Nf1 Bf8 14. Ng3 g6 15.
Bg5 h6 16. Bd2 Bg7 17. a4 c5 18. d5 c4 19. Qc1 Kh7 20. b4 cxb3 21. Bxb3 Nc5 22.
Qa3 Nfd7 23. Be3 Qc7 24. Nd2 Bf8 25. Bc2 bxa4 26. Bxa4 Nxa4 27. Qxa4 Reb8 28.
Qa5 Qxa5 29. Rxa5 h5 30. Ngf1 Bc8 31. Rea1 f5 32. f3 Be7 33. R5a3 f4 34. Bf2 g5
35. Nc4 Rb5 36. Nfd2 g4 37. hxg4 hxg4 38. Kf1 g3 39. Bg1 Kg7 40. Ke2 Kf7 41. Na5
Bd8 42. Ndc4 Bc7 43. Nc6 Nc5 44. Nd2 Bb6 45. R1a2 Nb3 46. Nxb3 Bxg1 47. c4 Rb6
48. Kd3 Bd7 49. c5 Bxc6 50. cxb6 Bb5+ 51. Kc3 Bxb6 52. Ra1 Be3 53. Rh1 Rc8+ 54.
Kb2 Bd3 55. Ra2 Kg6 56. Ka3 Rb8 57. Rb2 Bc4 58. Rhb1 Rb5 59. Ka4 Bd3 60. Rd1 Bc4
61. Rdb1 Rb8 62. Ka3 Rh8 63. Rd1 Rh2 64. Rc2 Bb5 65. Rc6 Rxg2 66. Rxd6+ Kf7 67.
Rh1 Rh2 68. Rxh2 gxh2 69. Rh6 Bg1 70. d6 Bf1 71. d7 Ke7 72. Rh7+ Kd8 73. Na5
Bc5+ 74. Kb3 Kc7 75. Nc6 1-0

[Event "Mondiale Semilampo 2016"]
[Site "Doha QAT"]
[Date "2016.12.27"]
[Round "9.29"]
[White "Atabayev, Maksat"]
[Black "Vallejo Pons, Francisco"]
[Result "0-1"]
[WhiteTitle "GM"]
[BlackTitle "GM"]
[WhiteElo "2492"]
[BlackElo "2711"]
[WhiteFideId "14001101"]
[BlackFideId "2205530"]
[EventDate "2016.12.26"]

1. Nf3 e6 2. c4 f5 3. d4 Nf6 4. Nc3 b6 5. a3 Bb7 6. Bf4 Nh5 7. Bg5 Be7 8. Bxe7
Qxe7 9. e3 O-O 10. Be2 Nf6 11. O-O d6 12. Nd2 e5 13. b4 Nbd7 14. d5 c5 15. dxc6
Bxc6 16. Bf3 e4 17. Be2 Ne5 18. Nb3 Rac8 19. Nd4 Bd7 20. Rc1 g5 21. Ndb5 Bxb5
22. Nxb5 Rcd8 23. Nd4 f4 24. exf4 gxf4 25. f3 e3 26. Bd3 Kh8 27. Bf5 Nh5 28. Bh3
Ng7 29. Qe2 Rf6 30. Rfd1 Rdf8 31. Nb5 Ne6 32. Bxe6 Rxe6 33. Qb2 Rg8 34. c5 bxc5
35. bxc5 dxc5 36. Rd5 Qg7 37. Kh1 c4 38. Nd6 c3 39. Qe2 Qd7 40. Rcd1 Qc7 41. Qc2
Rf8 42. Nb5 Qc4 43. Nd6 Qc7 44. Ne4 Rc8 45. Ng5 Re7 46. h3 h6 47. Ne4 Nf7 48.
Nf6 Ng5 49. h4 Nh7 50. Ne4 Rg7 51. R1d3 Qe7 52. Rh5 Qxa3 53. Rxh6 Qb2 54. Qd1
Qxg2# 0-1

[Event "Mondiale Semilampo 2016"]
[Site "Doha QAT"]
[Date "2016.12.27"]
[Round "9.30"]
[White "Najer, Evgeniy"]
[Black "Atabayev, Yusup"]
[Result "1-0"]
[WhiteTitle "GM"]
[BlackTitle "IM"]
[WhiteElo "2679"]
[BlackElo "2473"]
[WhiteFideId "4118987"]
[BlackFideId "14001128"]
[EventDate "2016.12.26"]

1. e4 c5 2. Nc3 e6 3. Nf3 Nc6 4. d4 cxd4 5. Nxd4 a6 6. Bf4 d6 7. Nxc6 bxc6 8.
Qd2 d5 9. O-O-O Nf6 10. g4 Bb4 11. Qd4 Qa5 12. exd5 Bxc3 13. bxc3 Qa3+ 14. Kd2
cxd5 15. f3 O-O 16. Bd3 Nd7 17. Rb1 Qe7 18. Qb4 Qh4 19. Qd6 Nf6 20. Bg3 Qh3 21.
Rhg1 Ra7 22. Rb8 Rd7 23. Qf4 d4 24. c4 Re7 25. Bf1 e5 26. Bxh3 exf4 27. Bxf4 Rb7
28. Rxb7 Bxb7 29. Rf1 a5 30. g5 Nh5 31. Bd6 Re8 32. c5 Bc6 33. Rb1 f6 34. Bg4 g6
35. Rb6 Bd5 36. Bd7 Rd8 37. c6 Bxc6 38. Be6+ Kg7 39. Rxc6 fxg5 40. Be7 1-0

[Event "Mondiale Semilampo 2016"]
[Site "Doha QAT"]
[Date "2016.12.27"]
[Round "9.31"]
[White "Perez Ponsa, Federico"]
[Black "Adhiban, Baskaran"]
[Result "1-0"]
[WhiteTitle "GM"]
[BlackTitle "GM"]
[WhiteElo "2585"]
[BlackElo "2666"]
[WhiteFideId "117927"]
[BlackFideId "5018471"]
[EventDate "2016.12.26"]

1. e4 e5 2. Nf3 Nc6 3. Bc4 Nf6 4. d3 Bc5 5. O-O O-O 6. h3 d6 7. c3 Ne7 8. d4 Bb6
9. Bd3 Nc6 10. Bc2 exd4 11. cxd4 Nb4 12. Bb3 c5 13. Nc3 cxd4 14. Nxd4 h6 15.
Ndb5 d5 16. a3 d4 17. axb4 dxc3 18. Nxc3 Be6 19. Bxe6 fxe6 20. Qe2 Qe7 21. b5
Bd4 22. Be3 Bxc3 23. bxc3 Nxe4 24. Bd4 Nd6 25. Rxa7 Rxa7 26. Bxa7 Rc8 27. Bd4
Qe8 28. Bxg7 Kxg7 29. Qe5+ Kf7 30. Qxd6 Qxb5 31. Qf4+ Kg7 32. Qg4+ Kf7 33. Re1
Qf5 34. Qb4 b5 35. Re3 Rc4 36. Qd6 Rf4 37. Qd7+ Kf6 38. Qd8+ Kf7 39. Rg3 Rxf2
40. Qc7+ Kf8 41. Qb8+ 1-0

[Event "Mondiale Semilampo 2016"]
[Site "Doha QAT"]
[Date "2016.12.27"]
[Round "9.32"]
[White "Banikas, Hristos"]
[Black "Aleksandrov, Aleksej"]
[Result "1/2-1/2"]
[WhiteTitle "GM"]
[BlackTitle "GM"]
[WhiteElo "2568"]
[BlackElo "2574"]
[WhiteFideId "4202031"]
[BlackFideId "13500139"]
[EventDate "2016.12.26"]

1. Nf3 Nf6 2. d4 e6 3. c4 d5 4. Nc3 Bb4 5. cxd5 exd5 6. Bg5 h6 7. Bh4 c5 8. e3
c4 9. Nd2 g5 10. Bg3 Bf5 11. h4 Rg8 12. hxg5 hxg5 13. Bxb8 Bxc3 14. bxc3 Rxb8
15. Qa4+ b5 16. Qxa7 b4 17. cxb4 Rxb4 18. Be2 Kf8 19. Nxc4 Qe7 20. Qxe7+ Kxe7
21. Ne5 Rb2 22. g4 Bd7 23. Nxd7 Kxd7 24. Bd3 Ke7 25. Bf5 Ra8 26. a4 Ra5 27. Rh8
Rb4 28. Rc1 Ra7 29. Rhc8 Rbxa4 30. R1c7+ Rxc7 31. Rxc7+ Kf8 32. f3 Ra2 33. Bc2
Ra1+ 34. Kd2 Rf1 35. Ke2 Rc1 36. Kd2 Rf1 37. Bd1 Rf2+ 38. Be2 Rh2 39. Ke1 Rh1+
40. Bf1 Rh2 41. Be2 Rh1+ 42. Kf2 Rh2+ 43. Kf1 Ke8 44. Bd3 Rb2 45. Bf5 Kf8 46.
Ra7 Rb3 47. Ke2 Rb2+ 48. Ke1 Ke8 49. Ra4 Rg2 50. Kf1 Rh2 51. Ra8+ Ke7 52. Ra7+
Kf8 53. Rc7 Rb2 54. Rc2 Rxc2 55. Bxc2 Ke7 56. Ba4 Kd6 57. Ke2 Ng8 58. Kd2 Ne7
59. Bc2 f6 60. Kc3 Nc6 61. Bd3 Kc7 62. Bb5 Ne7 63. Kb4 Kd6 64. Bd3 Nc6+ 65. Kb5
Na7+ 66. Kb6 Nc6 67. Bb1 Ne7 68. Kb7 Nc6 69. Kb6 Nb4 70. Kb5 Nc6 71. Bg6 Na7+
72. Ka4 Nc8 73. Bd3 Ne7 74. Bb5 f5 75. Bd3 fxg4 76. fxg4 Kc6 77. Ka5 Ng8 78. Bf5
Ne7 79. Bc2 Ng8 80. Ka6 Nf6 81. Bf5 Ne8 82. Ka5 Nd6 83. Bd3 Nb7+ 84. Kb4 Nd6 85.
Bg6 Nc8 86. Bc2 Nb6 87. Ba4+ Kd6 88. Bb3 Kc6 89. Ba2 Nd7 90. Bb1 Nf6 91. Bf5 Kb6
92. Ka4 Ka6 93. Kb4 Kb6 94. Be6 Kc6 95. Kc3 Kd6 96. Bf5 Kc6 97. Kd3 Kd6 98. Kd2
Kc6 99. Kc3 Kc7 100. Kb3 Kb7 101. Kb4 Kb6 102. Be6 Kc6 103. Bc8 Kc7 104. Be6 Kc6
105. Bf5 1/2-1/2

[Event "Mondiale Semilampo 2016"]
[Site "Doha QAT"]
[Date "2016.12.27"]
[Round "9.33"]
[White "Debashis, Das"]
[Black "Jobava, Baadur"]
[Result "1/2-1/2"]
[WhiteTitle "GM"]
[BlackTitle "GM"]
[WhiteElo "2472"]
[BlackElo "2702"]
[WhiteFideId "5024854"]
[BlackFideId "13601520"]
[EventDate "2016.12.26"]

1. d4 Nf6 2. c4 e6 3. Nc3 Bb4 4. e3 b6 5. Bd3 Bb7 6. Nf3 O-O 7. O-O c5 8. Na4
cxd4 9. exd4 Be7 10. Re1 d6 11. Bf4 Nbd7 12. Rc1 Re8 13. a3 Nf8 14. b4 Ng6 15.
Bg5 Nd7 16. Be3 Rc8 17. Nc3 Qc7 18. Bf1 Qb8 19. h3 Bf8 20. d5 e5 21. Bd3 Be7 22.
Nd2 Ngf8 23. a4 g6 24. Nb3 f5 25. a5 e4 26. Bf1 Ne5 27. axb6 axb6 28. Na4 b5 29.
Nb6 bxc4 30. Na5 Ba6 31. Nxc8 Rxc8 32. Nc6 Qb7 33. Nxe5 dxe5 34. d6 Bd8 35. Bc5
Qf7 36. Qa4 Qb7 37. Qxa6 Qxa6 38. Bxc4+ Qxc4 39. Rxc4 Kf7 40. Rcc1 Ke6 41. b5
Nd7 42. Ba7 Ra8 43. Rc7 Kxd6 44. Rb7 Nc5 45. Bxc5+ Kxc5 46. Rc1+ Kb4 47. b6 Kb5
48. Ra7 Rb8 49. Rb1+ Kc6 50. Rxh7 Bxb6 51. Rc1+ Kd5 52. Rg7 e3 53. Rd1+ Ke4 54.
fxe3 Bxe3+ 55. Kh1 g5 56. Re1 g4 57. Kh2 gxh3 58. Kxh3 f4 59. Kg4 Rb2 60. Kh3
Ra2 61. Rb7 Ra8 62. Rb4+ Kf5 63. g4+ Kg5 64. Rxe3 fxe3 65. Re4 e2 66. Kg3 e1=Q+
67. Rxe1 Ra3+ 68. Kf2 Kf4 69. Rb1 e4 70. Rb8 Ra2+ 71. Ke1 Kf3 72. Re8 Re2+ 73.
Kf1 Rf2+ 74. Ke1 Rg2 75. Re7 Ke3 76. Kd1 Rxg4 77. Re8 Rg1+ 78. Kc2 Rf1 79. Re7
Re1 80. Rh7 Rg1 81. Re7 Rg8 82. Kd1 Rf8 83. Ke1 Ra8 84. Kd1 Ra1+ 85. Kc2 Re1 86.
Rh7 Kf2 87. Rh2+ Kg3 88. Kd2 Kxh2 1/2-1/2

[Event "Mondiale Semilampo 2016"]
[Site "Doha QAT"]
[Date "2016.12.27"]
[Round "9.34"]
[White "Sanal, Vahap"]
[Black "Halkias, Stelios"]
[Result "0-1"]
[WhiteTitle "GM"]
[BlackTitle "GM"]
[WhiteElo "2474"]
[BlackElo "2585"]
[WhiteFideId "6300545"]
[BlackFideId "4201809"]
[EventDate "2016.12.26"]

1. Nf3 c5 2. c4 Nc6 3. Nc3 g6 4. g3 Bg7 5. Bg2 d6 6. O-O e6 7. a3 Nge7 8. Rb1 a5
9. d3 O-O 10. Bg5 h6 11. Bd2 Kh7 12. e4 f5 13. h4 e5 14. exf5 Bxf5 15. Ne4 Qd7
16. Ne1 Nd4 17. Kh2 Nec6 18. b4 cxb4 19. axb4 a4 20. b5 Nd8 21. Bb4 Nf7 22. Ra1
Ra7 23. Rxa4 Rfa8 24. Rxa7 Rxa7 25. Nc3 g5 26. h5 g4 27. Ne4 Ra2 28. Qb1 Ra8 29.
f3 gxf3 30. Nxf3 Bxe4 31. dxe4 Qg4 32. Nxd4 Qxh5+ 33. Kg1 exd4 34. e5+ Kh8 35.
exd6 Ne5 36. Rf5 Qg6 37. Be1 d3 38. Rf1 Ng4 39. Rf4 d2 40. Qxg6 dxe1=Q+ 41. Rf1
Qxg3 42. Qh5 Ne3 43. Qf3 Nxf1 44. Qxg3 Nxg3 45. Bxb7 Ra2 46. Bg2 Be5 47. d7 Rd2 0-1

[Event "Mondiale Semilampo 2016"]
[Site "Doha QAT"]
[Date "2016.12.27"]
[Round "9.35"]
[White "Bosiocic, Marin"]
[Black "Xu, Yi"]
[Result "0-1"]
[WhiteTitle "GM"]
[BlackTitle "IM"]
[WhiteElo "2591"]
[BlackElo "2430"]
[WhiteFideId "14507927"]
[BlackFideId "8605564"]
[EventDate "2016.12.26"]

1. d4 Nf6 2. c4 e6 3. Nf3 d5 4. g3 Be7 5. Bg2 O-O 6. O-O dxc4 7. Qc2 a6 8. a4
Bd7 9. Qxc4 Bc6 10. Bf4 Bd6 11. Qc1 a5 12. Nc3 Na6 13. Rd1 Nb4 14. Bg5 h6 15.
Bxf6 Qxf6 16. e4 e5 17. Nxe5 Bxe5 18. dxe5 Qxe5 19. Nd5 Bxd5 20. exd5 Rad8 21.
Qc3 Qxc3 22. bxc3 Na6 23. Rab1 Nc5 24. Rb5 b6 25. Rd4 Rfe8 26. Kf1 Nb7 27. Rb1
Nd6 28. Bf3 Re5 29. Re1 Rde8 30. Rxe5 Rxe5 31. Be2 Re4 32. Bd3 Rxd4 33. cxd4 Kf8
34. h4 Ke7 35. Ke2 Ne8 36. Be4 Nf6 37. Bg2 Kd6 38. Kd3 Nxd5 39. Kc4 Ne7 40. Be4
c6 41. Kd3 b5 42. Kc3 Nd5+ 43. Kb3 bxa4+ 44. Ka3 Nc3 45. Bg2 g5 46. hxg5 hxg5
47. Bf3 f5 48. Bh5 Kd5 49. Bf3+ Ne4 50. Bg2 Kxd4 51. f3 Nxg3 0-1

[Event "Mondiale Semilampo 2016"]
[Site "Doha QAT"]
[Date "2016.12.27"]
[Round "9.36"]
[White "Adly, Ahmed"]
[Black "Ghaem Maghami, Ehsan"]
[Result "1-0"]
[WhiteTitle "GM"]
[BlackTitle "GM"]
[WhiteElo "2599"]
[BlackElo "2574"]
[WhiteFideId "10601619"]
[BlackFideId "12500739"]
[EventDate "2016.12.26"]

1. Nf3 d5 2. d4 Nf6 3. c4 e6 4. g3 Bb4+ 5. Bd2 Be7 6. Bg2 O-O 7. Qc2 c6 8. O-O
b6 9. Bf4 Bb7 10. Rd1 Nbd7 11. Ne5 Nxe5 12. dxe5 Nd7 13. cxd5 cxd5 14. e4 dxe4
15. Nc3 Qc7 16. Rac1 Rad8 17. Nd5 Qc5 18. b4 Qxd5 19. Rxd5 Bxd5 20. Bxe4 Bxb4
21. Bxd5 exd5 22. Qb3 Bc5 23. Qxd5 Nb8 24. Qf3 Rfe8 25. Rd1 Nc6 26. Rxd8 Nxd8
27. Qa8 a5 28. Bg5 Rf8 29. Bxd8 Be7 30. Qb7 Bxd8 31. Qd7 a4 32. Qxa4 Be7 33. Qc6
Bc5 34. a4 Bd4 35. Kg2 g6 36. f4 Rd8 37. Qc7 Rd5 38. Qc8+ Kg7 39. Qb7 1-0

[Event "Mondiale Semilampo 2016"]
[Site "Doha QAT"]
[Date "2016.12.27"]
[Round "9.37"]
[White "Quintiliano Pinto, Renato R."]
[Black "Grandelius, Nils"]
[Result "1/2-1/2"]
[WhiteTitle "IM"]
[BlackTitle "GM"]
[WhiteElo "2484"]
[BlackElo "2643"]
[WhiteFideId "2117568"]
[BlackFideId "1710400"]
[EventDate "2016.12.26"]

1. d4 Nf6 2. c4 e6 3. Nf3 d5 4. Nc3 Be7 5. Bf4 O-O 6. e3 b6 7. cxd5 Nxd5 8. Nxd5
exd5 9. Bd3 c5 10. O-O Be6 11. Ne5 Bf6 12. Rc1 Bxe5 13. Bxe5 Nc6 14. Bg3 c4 15.
Bb1 Qd7 16. Qh5 g6 17. Qh6 Bf5 18. e4 Bxe4 19. Bxe4 dxe4 20. Rxc4 b5 21. Rc5
Nxd4 22. Be5 Nf5 23. Qf4 Rae8 24. h3 f6 25. Bc3 Rf7 26. Re1 Qd3 27. Rc6 b4 28.
Bxf6 Nd4 29. Qd6 Nxc6 30. Qxd3 exd3 31. Rxe8+ Rf8 32. Rxf8+ Kxf8 33. Kf1 Kf7 34.
Bh8 Kg8 35. Bf6 Kf7 36. Bh8 Kg8 37. Bf6 Kf7 38. Bh8 Kg8 39. Bf6 Kf7 40. Bh8 1/2-1/2

[Event "Mondiale Semilampo 2016"]
[Site "Doha QAT"]
[Date "2016.12.27"]
[Round "9.38"]
[White "Flores, Diego"]
[Black "Salinas Herrera, Pablo"]
[Result "1/2-1/2"]
[WhiteTitle "GM"]
[BlackTitle "IM"]
[WhiteElo "2579"]
[BlackElo "2466"]
[WhiteFideId "108049"]
[BlackFideId "3407128"]
[EventDate "2016.12.26"]

1. c4 c6 2. Nf3 Nf6 3. Nc3 d5 4. e3 e6 5. b3 Nbd7 6. Qc2 Bd6 7. Bb2 Qe7 8. Be2
O-O 9. O-O Re8 10. d4 b6 11. e4 Nxe4 12. Nxe4 dxe4 13. Qxe4 Bb7 14. Bd3 Nf6 15.
Qh4 Ba3 16. Bc3 Bb4 17. Bb2 Ba3 18. Bc3 h6 19. Rae1 Bb4 20. Bxb4 Qxb4 21. Re3 c5
22. Ne5 cxd4 23. Rg3 Kf8 24. Ng4 Ng8 25. Ne5 Nf6 26. Ng4 Ng8 27. Ne5 Nf6 28. Ng4
Qe7 1/2-1/2

[Event "Mondiale Semilampo 2016"]
[Site "Doha QAT"]
[Date "2016.12.27"]
[Round "9.39"]
[White "Mareco, Sandro"]
[Black "Firouzja, Alireza"]
[Result "0-1"]
[WhiteTitle "GM"]
[BlackTitle "IM"]
[WhiteElo "2635"]
[BlackElo "2456"]
[WhiteFideId "112275"]
[BlackFideId "12573981"]
[EventDate "2016.12.26"]

1. Nf3 Nf6 2. c4 g6 3. Nc3 Bg7 4. e4 d6 5. d4 O-O 6. Be2 e5 7. O-O Nc6 8. d5 Ne7
9. Ne1 Nd7 10. Nd3 f5 11. f3 Kh8 12. Be3 f4 13. Bf2 g5 14. c5 Rf6 15. Rc1 a6 16.
c6 Nf8 17. cxb7 Bxb7 18. Be1 c6 19. dxc6 Bxc6 20. Nf2 Ne6 21. Bc4 Nd4 22. Ne2 d5
23. Nxd4 exd4 24. Bd3 dxe4 25. Nxe4 Rg6 26. h4 gxh4 27. Bxh4 Qf8 28. Ng5 Nf5 29.
Rxc6 Rxc6 30. Qb3 Rf6 31. Qd5 Nxh4 32. Nxh7 Rd6 0-1

[Event "Mondiale Semilampo 2016"]
[Site "Doha QAT"]
[Date "2016.12.27"]
[Round "9.40"]
[White "Maghsoodloo, Parham"]
[Black "Tregubov, Pavel V."]
[Result "0-1"]
[WhiteTitle "GM"]
[BlackTitle "GM"]
[WhiteElo "2584"]
[BlackElo "2585"]
[WhiteFideId "12539929"]
[BlackFideId "4115341"]
[EventDate "2016.12.26"]

1. Nf3 c5 2. g3 Nc6 3. d4 cxd4 4. Nxd4 g6 5. Bg2 Bg7 6. Nb3 Nf6 7. c4 O-O 8. O-O
b6 9. Nc3 Bb7 10. c5 Rc8 11. e4 Ba8 12. cxb6 axb6 13. f4 d6 14. Be3 Nd7 15. Qe2
Nc5 16. Rfd1 Qc7 17. Rac1 Qa7 18. Kh1 Bb7 19. Nd2 Ba6 20. Qf3 Nd3 21. Nb3 Nxc1
22. Nxc1 Bc4 23. Qf2 Bxc3 24. bxc3 Qa4 25. Rd2 b5 26. h3 b4 27. cxb4 Nxb4 28. f5
Qa3 29. Rd1 Bxa2 30. f6 Rfe8 31. fxe7 Rxe7 32. Bh6 f6 33. e5 Bc4 34. exd6 Rd7
35. Rd4 g5 36. Qd2 Bf7 37. Ne2 Nc6 38. Rd3 Qa5 39. Qd1 Ne5 40. Rd4 Qc5 41. h4
Qc2 42. Qf1 Qg6 43. Bh3 Qxh6 44. Bxd7 Nxd7 45. Re4 Bd5 46. Qf5 Bxe4+ 47. Qxe4
Qg6 48. Qg4 Rd8 49. Nd4 Ne5 50. Qe6+ Qf7 51. Qf5 Qd5+ 0-1

[Event "Mondiale Semilampo 2016"]
[Site "Doha QAT"]
[Date "2016.12.27"]
[Round "9.41"]
[White "Belyakov, Bogdan"]
[Black "Fressinet, Laurent"]
[Result "0-1"]
[WhiteTitle "IM"]
[BlackTitle "GM"]
[WhiteElo "2487"]
[BlackElo "2672"]
[WhiteFideId "24104795"]
[BlackFideId "608742"]
[EventDate "2016.12.26"]

1. e4 g6 2. d4 d6 3. Nc3 Bg7 4. Be3 a6 5. a4 Nf6 6. h3 O-O 7. Nf3 b6 8. Qd2 Bb7
9. Bd3 Nbd7 10. O-O e5 11. dxe5 dxe5 12. Rfe1 Qe7 13. Bg5 Rfd8 14. Nd5 Bxd5 15.
exd5 Qd6 16. c4 a5 17. Qc2 Re8 18. Nd2 Nc5 19. Rac1 Nfd7 20. g4 Qf8 21. Be4 Rab8
22. Be3 f6 23. Rb1 Bh6 24. Bxc5 Nxc5 25. Nb3 Kg7 26. Red1 Qd6 27. h4 Bf4 28.
Nxc5 bxc5 29. h5 f5 30. gxf5 gxh5 31. Kf1 h4 32. Rd3 Qh6 33. Rh3 Kh8 34. Ke2 Bg5
35. Qc3 Rb4 36. b3 Bf6 37. Rg1 Reb8 38. Qc2 Rf8 39. Rg4 Qh5 40. Bf3 Qf7 41. Be4
Rg8 42. Rxg8+ Qxg8 43. Qc3 Qg4+ 44. Qf3 h5 45. Kf1 Rb8 46. Bc2 Rg8 47. Qe3 Kh7
48. Rf3 Rg5 49. Ke2 h3 50. Kd2 Rg8 51. Rg3 Bg5 52. f6+ Kh6 53. Rxg4 Bxe3+ 54.
Kxe3 hxg4 55. Be4 Rf8 0-1